• 首页
  • 本馆介绍
  • 公告通知
  • 最新文献
  • 馆藏检索
  • 电子资源
  • 读者导购
  • 参考咨询
  • 我的图书馆
  • 登录
  • 详细信息显示
  • 放入我的书架
  • 预约/预借图书
  • 作者相关作品
  • 分类相关作品
  • 丛书相关作品
  • 出版社相关作品

书目信息

  • 表格格式
  • 工作单格式
  • 卡片格式
题名:
消化系统疾病
    
 
作者: 刘新才 编
分册:  
出版信息: 重庆   科学技术文献出版社重庆分社  1984
页数: 158页
开本: 19cm
丛书名: 医学自学丛书
单 册:
中图分类: R57
科图分类:
主题词: 消化系统疾病--自学参考资料
电子资源:
ISBN:
000 00682nam2 2200253 45
001 0184009248
005 20040524104223.3
010    @dCNY0.55
100    @a19950525d1984 em y0chiy0121 ea
101 0  @achi
102    @aCN@b510000
105    @ay z 000yy
106    @ar
200 10 @a消化系统疾病@Axiao hua xi tong ji bing@f刘新才编
210    @a重庆@c科学技术文献出版社重庆分社@d1984
215    @a158页@d19cm
225 2  @a医学自学丛书@v3
410  0 @120010@a医学自学丛书
606    @a消化系统疾病@x自学参考资料
690    @aR57@v3
701  0 @a刘新才@Aliu xin cai@4编
801  0 @aCN@b上海图书馆@c20040524
801  2 @aCN@bNLC@c20040524
905    @f1@b127191@dR57@e25
    
    消化系统疾病/刘新才编.-重庆:科学技术文献出版社重庆分社,1984
    158页;19cm.-(医学自学丛书;3)
    
    
    ISBN :CNY0.55
    
●
相关链接 在E读中查询图书 在五车中查询图书 在当当中查询图书 在豆瓣中查询图书


正题名:消化系统疾病     索取号:R57/25         预约/预借

序号 登录号 条形码 馆藏地/架位号 状态 备注
1 0127191   000714347   第三借阅区/ [索取号:R57/25] 在馆    
2 0127192   000714338   第二样本阅览室/ [索取号:R57/25] 在馆    
唐山师范学院图书馆 欢迎您!
大连网信软件有限公司© 版权所有